Portuguese top 4 divisions teams - Statistics

General Stats
  • This quiz has been taken 18 times
  • The average score is 42 of 112
Answer Stats
Team % Correct
Benfica
100%
Porto
100%
Sporting
100%
1 Dezembro
67%
Académica
67%
Académico Viseu
67%
Alverca
67%
Amarante
67%
Arouca
67%
AVS
67%
Belenenses
67%
Benfica B
67%
Braga
67%
Braga B
67%
Bragança
67%
Chaves
67%
Estoril
67%
Estrela Amadora
67%
Famalicão
67%
Farense
67%
Feirense
67%
Gil Vicente
67%
Leixões
67%
Lusitânia Lourosa
67%
Lusitano Évora
67%
Marítimo
67%
Moreirense
67%
Oliveirense
67%
Paços Ferreira
67%
Paredes
67%
Penafiel
67%
Portimonense
67%
Porto B
67%
Rio Ave
67%
Santa Clara
67%
São João de Ver
67%
Sporting B
67%
Tirsense
67%
Tondela
67%
Torreense
67%
União de Leiria
67%
União de Santarém
67%
Varzim
67%
Vianense
67%
Vila Real
67%
Vitoria SC
67%
Vitoria SC B
67%
Vizela
67%
Alverca B
33%
Amora
33%
Atlético
33%
Beira-Mar
33%
Benfica Castelo Branco
33%
Caldas
33%
Casa Pia
33%
Celoricense
33%
Cinfães
33%
Elvas
33%
Fafe
33%
Felgueiras
33%
Leça
33%
Limianos
33%
Lusitânia Açores
33%
Mafra
33%
Marco 09
33%
Marinhense
33%
Nacional
33%
Naval 1893
33%
Peniche
33%
Rebordosa
33%
Sanjoanense
33%
Sintrense
33%
Sporting Covilhã
33%
Trofense
33%
Vitória Sernache
33%
Alcochetense
0%
Alpendorada
0%
Anadia
0%
Aparecida
0%
At. Malveira
0%
Brito
0%
Camacha
0%
Chaves B
0%
Comércio e Indústria
0%
Elétrico
0%
Fátima
0%
Flrograde
0%
Gouveia
0%
Juventude Évora
0%
Lagoa
0%
Lajense
0%
Louletano
0%
Machico
0%
Marialvas
0%
Mirandela
0%
Monção
0%
Moncarapachense
0%
Mórtagua
0%
Oliveira Hospital
0%
Oriental
0%
Portimonense SAD
0%
Resende
0%
Ribeira Brava
0%
Salgueiros
0%
Samora Correia
0%
São Martinho
0%
Serpa
0%
União da Serra
0%
União de Lamas
0%
Vasco da Gama Vidigueira
0%
Vila Meã
0%
Vilaverdense
0%
No matching quizzes found
Score Distribution
Percent of People with Each Score
Percentile by Number Answered
Your Score History
You have not taken this quiz